Statistiques concernant Pays produisant le plus de boeuf

Cliquez ici pour prendre le quiz!

Statistiques générales

  • Ce quiz a été pris 95 fois
  • Le résultat moyen est 16 sur 20

Statistiques - réponses

1000 tonnespays% Correct
11,470Etats-Unis
100%
1458France
100%
1619Russie
97%
6997Chine
95%
909Inde
92%
1155Allemagne
91%
2361Australie
91%
9284Brésil
91%
635Espagne
91%
791Italie
91%
2644Argentine
89%
1133Canada
89%
912Royaume-Uni
86%
1879Mexique
82%
988Turquie
68%
1109Afrique du Sud
63%
673Nouvelle-Zélande
62%
922Pakistan
60%
828Colombie
57%
895Ouzbékistan
3%

Distribution des résultats

Percentile par nombre de réponses

% des personnes avec chaque résultat

Votre développement - résultats

Vous n’avez pas pris ce quiz